Food act 1983 and food regulations 1985 : Details on food regulations amendments from 1987 to January, 1994, Act 281..
| Format: | Book |
|---|---|
| Published: |
Kuala Lumpur:
MDC,
1994.
|
| Subjects: |
| LEADER | 00498cam a2200145 7i4500 | ||
|---|---|---|---|
| 001 | 0000002701 | ||
| 005 | 19991025090000.0 | ||
| 002 | ##000003957 | ||
| 020 | 0 | 0 | |a T000003877 |
| 090 | 0 | 0 | |a M 344.042 32 |b FOO |
| 245 | 0 | 0 | |a Food act 1983 and food regulations 1985 : |b Details on food regulations amendments from 1987 to January, 1994, Act 281.. |
| 260 | 0 | 0 | |a Kuala Lumpur: |b MDC, |c 1994. |
| 300 | 0 | 0 | |a 279p. |
| 650 | 0 | 0 | |a Food law and legislation -- |z Malaysia |
| 999 | |a 000004255 |b Book |c Open shelf |e Business Information Centre | ||